แสดงรายละเอียดบรรณานุกรม
  กลับหน้าหลัก

Brief Record : Get Marc (ISO 2709) : E-mail record : QR code ปิดหน้าต่าง
E-books : เกี่ยวกับ Collections
LEADER 00000nam 2200000uu 4500
001    211317
003     ULIBM
008    160923s||||||||th 000 0 tha d
020    ^a978-0-7295-4175-6
060  0 ^aWA30 M168c 2015
100 0  ^aMcMurray,Anne
245 00 ^aCommunity health and wellness:^bprimary health care practice/^cAnne McMurray,Jill clendon.
250    ^a5th ed.
260    ^aSydney:^bChurchill Livingstone/Elsevier,^c2015.
300    ^axxi,565 p.:^bill;^c28 cm.
650  0 ^aCommunity health services
650  0 ^aCommunity Medicine
650  0 ^aHealth promotion
650  0 ^aPrimary health care
700 0  ^aClendon,Jill,author
999    ^aใช้งานได้ทุกระบบ
รายการนี้ยังไม่มีแท็ก
คุณยังไม่ได้ล็อกอิน คุณสามารถมีกิจกรรมร่วมกับเว็บไซต์ได้ แต่ต้องล็อกอินก่อน ::
  ล็อกอิน
ลำดับที่ ประเภท เลขเรียก สถานที่ สถานะ
1. การพยาบาล (ตำราหลัก)
การพยาบาล (ตำราหลัก)
WA30 M168c 2015 c.1 
  
การพยาบาลชุมชน On Shelf
  ขอยืม
Note:ปีงบ 59
   [แสดง 1/1 รายการ]

รายการใกล้เคียง
    หัวเรื่อง [Community health services]
    หัวเรื่อง [Community Medicine]
    หัวเรื่อง [Health promotion]
    หัวเรื่อง [Primary health care]

BibComment


ยังไม่เคยถูกคอมเมนท์

คอมเมนท์ทรัพยากรรายการนี้
  คอมเมนท์: Community health..
Bib 211317

 
 
 

 Union Library Management : ULibM
Copyright 2026. All Rights Reserved.
скачать бесплатно без регистрации порно красивый секс HD Sex Hindi sex

xxx gou

xxxx

bfxxx

xxxwww

Секса Видео

xxxx

Секса Видео

detube

geilexxx

C99 Shell

worms shell

blod xxx video
Ebony Coed Rihanna Rimes Takes A Dick In Her Young Twat priyaa indian fuck anal and pusssy hardcore indian women xxx desi hardcore fucking part 1 bengalixxxcouple